| 000 | 01140nam a2200301Mc 4500 | ||
|---|---|---|---|
| 005 | 20141113073507.0 | ||
| 008 | 141113s2007 xxuad fr 001 0 eng d | ||
| 020 | _a9780472087211 (V.1) | ||
| 020 | _a9780472068944 (V.2) | ||
| 040 |
_aCO-BoUCM _bspa _cJose A. Gerena _dJose A. Gerena |
||
| 041 | 0 | _aeng | |
| 100 | 1 |
_aAusten-Smith, David _965860 |
|
| 245 | 1 | 0 |
_aPositive political theory _cDavid Austen-Smith, Jeffrey S. Banks |
| 260 | 3 |
_aAnn Arbor (Míchigan, Estados Unidos) _bUniversity of Michigan press _c2007 |
|
| 300 |
_a2 volúmenes _bilustraciones, cuadros, gráficas |
||
| 490 | 0 | _aMichigan studies in political analysis | |
| 504 | _aIncluye referencias bibliográficas e índices | ||
| 505 |
_gV.1 _tCollective preference. |
||
| 505 |
_gV.2 _tStrategy & structure. |
||
| 650 | 7 |
_aCiencia política _926457 |
|
| 650 | 7 |
_925330 _aTeoría política |
|
| 650 | 7 |
_925505 _aToma de decisiones _xPolítica y gobierno |
|
| 650 | 7 |
_913957 _aElecciones |
|
| 690 |
_942754 _aCiencia política |
||
| 700 | 1 |
_aBanks, Jeffrey Scot _965861 |
|
| 942 |
_2DEWEY _a6 _cLIBRO _e1 _h320.01 _mA933 |
||
| 999 |
_c297524 _d297524 |
||